The Entrepreneurial Outline: essential strategies and insights for aspiring entrepreneurs (Record no. 9636)
[ view plain ]
| 000 -LEADER | |
|---|---|
| fixed length control field | 00526nam a22001817a 4500 |
| 003 - CONTROL NUMBER IDENTIFIER | |
| control field | OSt |
| 005 - DATE AND TIME OF LATEST TRANSACTION | |
| control field | 20260417172454.0 |
| 008 - FIXED-LENGTH DATA ELEMENTS--GENERAL INFORMATION | |
| fixed length control field | 260417b |||||||| |||| 00| 0 eng d |
| 020 ## - INTERNATIONAL STANDARD BOOK NUMBER | |
| International Standard Book Number | 979-8218499792 |
| 040 ## - CATALOGING SOURCE | |
| Transcribing agency | DDC |
| 082 ## - DEWEY DECIMAL CLASSIFICATION NUMBER | |
| Classification number | 338.04 FOX 2024 |
| 100 ## - MAIN ENTRY--PERSONAL NAME | |
| Personal name | Fox, Garrett |
| 9 (RLIN) | 19590 |
| 245 ## - TITLE STATEMENT | |
| Title | The Entrepreneurial Outline: essential strategies and insights for aspiring entrepreneurs |
| 260 ## - PUBLICATION, DISTRIBUTION, ETC. (IMPRINT) | |
| Place of publication, distribution, etc. | IngramSparks; B0DFQGHYFL, 2024 |
| 300 ## - PHYSICAL DESCRIPTION | |
| Extent | 100p.; 21.5cm |
| 650 ## - SUBJECT ADDED ENTRY--TOPICAL TERM | |
| Topical term or geographic name as entry element | Entrepreneurship |
| 9 (RLIN) | 6831 |
| 942 ## - ADDED ENTRY ELEMENTS (KOHA) | |
| Source of classification or shelving scheme | Dewey Decimal Classification |
| Koha item type | Open Shelf |
| Withdrawn status | Lost status | Source of classification or shelving scheme | Damaged status | Not for loan | Home library | Current library | Date acquired | Source of acquisition | Inventory number | Total Checkouts | Full call number | Barcode | Date last seen | Koha item type |
|---|---|---|---|---|---|---|---|---|---|---|---|---|---|---|
| Dewey Decimal Classification | MUST Main Library | MUST Main Library | 17/04/2026 | Purchase | 26/42530 | 338.04 FOX 2024 | 2026-0137 | 17/04/2026 | Open Shelf | |||||
| Dewey Decimal Classification | MUST Main Library | MUST Main Library | 17/04/2026 | Purchase | 26/42531 | 338.04 FOX 2024 | 2026-0138 | 17/04/2026 | Open Shelf |
